| 000 | 00856nam a2200265 a 4500 | ||
|---|---|---|---|
| 001 | 26557 | ||
| 003 | CO-ViMGA | ||
| 005 | 20230915224036.0 | ||
| 008 | 141112s2004 ck r 000 u spa d | ||
| 015 | _ack - 2009 - xxxx | ||
| 020 | _a9789589870723 | ||
| 040 |
_aCO-ViMGA _bspa _cCO-ViMGA |
||
| 043 | _as - ck - - - | ||
| 090 | _aC HUR1 | ||
| 100 | 1 |
_aHurtado Ruiz, Jorge Omar. _95964 |
|
| 240 | _aCasanare - Bibliografía regional | ||
| 245 | 1 | 0 |
_aCuentos de Baobabs / _cJorge Omar Hurtado Ruiz. |
| 260 |
_aVillavicencio : _bEntreletras |
||
| 300 | _a117 p. ; 21 cm. | ||
| 490 | _aColección árbol avido. Cuentos | ||
| 650 | 1 | 4 | _aCUENTOS COLOMBIANOS |
| 942 |
_2ddc _cBK |
||
| 949 | _ac c | ||
| 999 |
_c11061 _d11061 |
||